Word Ladder: 6-Letter Fun Quiz Stats

 Plays Quiz Updated Feb 19, 2012

     
Support Sporcle.
Go Orange.
Score 0/22 Timer 03:00
2 Plays Today
Clue 6-Letter Word % Correct
An evening mealDINNER
95.5%
The victorWINNER
92.9%
Digit at the end of an armFINGER
92%
One of Santa's reindeerDONNER
89.6%
A holder for 3-hole punched paperBINDER
85.3%
A certificate showing admission has been paidTICKET
83.5%
90s hard rock/metal band who sang 'Seventeen'WINGER
82.9%
Slang for your heartTICKER
81.2%
John le Carré's '___, Tailor, Soldier, Spy'TINKER
78.3%
The surname of the family on 'Roseanne'CONNER
77.3%
On a Mac, this is the default file managerFINDER
76.8%
Clue 6-Letter Word % Correct
Terminator: The Sarah ____ ChroniclesCONNOR
75.3%
A very flammable kindlingTINDER
75.1%
Fry's robot friend on 'Futurama'BENDER
75.1%
A protective cushion or a guitar manufacturerFENDER
74.3%
The vulture that is the largest bird in North AmericaCONDOR
71.4%
A hoop in croquetWICKET
71.2%
The Oz-based musical told from Elphaba's perspectiveWICKED
69.6%
FranknessCANDOR
65.1%
Deep narrow valley with steep sidesCANYON
60.3%
The musical leader in a synagogueCANTOR
55.1%
A territorial division in SwitzerlandCANTON
48%

Today's Daily Dose

Missing Word
SNL First Names

Word Ladder
Jewish Holidays

Quick Pick
2011 Events

Get the Picture
Border Landmarks

From the Vault

Harry Potter Character by Tattoo

by minshkins

If your wizard friends are showing off their Dark Mark tattoos, you might be in the wrong crowd.
Remove Ads.
Support Sporcle.
Get the best of Sporcle when you Go Orange. This ad-free experience offers more features, more stats, and more fun while also helping to support Sporcle. Thank you for becoming a member.

Show Comments

Extras

Top Quizzes Today


Score Distribution

Your Account Isn't Verified!

In order to create a playlist on Sporcle, you need to verify the email address you used during registration. Go to your Sporcle Settings to finish the process.

Report this User

Report this user for behavior that violates our Community Guidelines.

Details: